| 000 | 00329nam a2200109Ia 4500 | ||
|---|---|---|---|
| 008 | 230907s9999||||xx |||||||||||||| ||und|| | ||
| 082 |
_a539.762 _bNUC |
||
| 245 | 0 | _aNuclear fuel cycle science and engineering / | |
| 260 |
_aWoodhead Publishing, _bCambridge, UK ; | Philadelphia, PA : _c2012 |
||
| 300 | _axx, 626 p. : | ||
| 942 | _cBK | ||
| 999 |
_c596323 _d596323 |
||